000 00709nam a2200253Ia 4500
003 OSt
005 20220927110414.0
006 a|||||r|||| 00| 0
007 ta
008 220926b |||||||| |||| 00| 0 eng d
024 _a58968
037 _cReports
040 _aRTL
_cRTL
_beng
041 _2eng
_aeng
082 _a"X:9J5:(Z2.N22)r, (GD)"
110 _a"India, Government of ...."
245 0 _aReport on the working of the Indian Emigration Act
260 _aCalcutta
_bCentral Publication Branch India
490 _v1927
650 _aLabour Economics
700 _a"India, Government of ...."
942 _h"X:9J5:(Z2.N22)r, (GD)"
_cCC
999 _c696498
_d696498